MARC

LEADER 00000nam0a2200000 4500
001 351345
005 20231102010408.0
035 |a (RuTPU)RU\TPU\retro\6371 
090 |a 351345 
100 |a 20190603d1935 k y0rusy50 ca 
101 0 |a rus 
102 |a RU 
105 |a a z 001zy 
200 1 |a Новые звезды и галактические туманности  |f Б. А. Воронцов-Вельяминов 
210 |a Москва  |a Ленинград  |c ОНТИ НКТП СССР  |c Главная редакция общетехнической литературы и номографии  |d 1935 
215 |a 312 с.  |c ил. 
316 |5 63413507: КР-6458  |a На переднем форзаце владельческая подпись: "А. Воробьев" 
317 |5 63413507: КР-6458  |a Поступила в НТБ в 1987 г. в дар от вдовы ученого Е. К. Завадовской 
320 |a Указатель имен: с. 311-312 
606 1 |a Звезды  |2 stltpush  |3 (RuTPU)RU\TPU\subj\11456  |9 38388 
610 1 |a библиотека А. А. Воробьева 
610 1 |a новые звезды 
610 1 |a галактические туманности 
610 1 |a астрофизика 
610 1 |a звезды типа О 
610 1 |a диффузные туманности 
610 1 |a планетарные туманности 
610 1 |a газовые туманности 
610 1 |a наблюдения 
610 1 |a дары библиотеке 
610 1 |a владельческая надпись 
675 |a 524.3  |v 4 
700 1 |a Воронцов-Вельяминов  |b Б. А.  |g Борис Александрович 
801 1 |a RU  |b 63413507  |c 20190603 
801 2 |a RU  |b 63413507  |c 20191101  |g RCR 
942 |c BK